00710nam a2200217Ia 4500003000900000008004100009020001800050040001600068080001600084100002200100245009800122260003000220300001000250650003100260650003200291650003400323650002100357942000700378999001500385952009200400IN-BaIIA211028s9999 xx 000 0 eng d a0-85274-283-5 cIIA Library a535.33bVAR aVarsanyi, G98299 0aAssignments for vibrational spectra of seven hundred benzene derivativesbvol. 1cG. Varsanyi aLondonbAdam Hilgerc1974 a462p. a Benzene Deriatives98300 a Molecular Spectra 98301 a Vibrational Spectra 98302 aNASA Thesaurus  cBK c4686d4686 00104070aBANbBANcGENd1975-02-12l0o535.33/ VARp5232r2021-11-05w1975-02-12yBK